Statistiques concernant Les 10 plus grandes villes d'Espagne

Cliquez ici pour prendre le quiz!

Statistiques générales

  • Ce quiz a été pris 534 fois
    (443 depuis la dernière actualisation)
  • Le résultat moyen est 7 sur 10

Statistiques - réponses

PositionPopulationVille% Correct
13 223 334Madrid
100%
21 620 343Barcelone
99%
4688 711Seville
95%
3791 413Valence
93%
10345 821Bilbao
83%
6571 026Malaga
66%
5666 880Saragosse
56%
8409 661Palma de Majorque
40%
7430 571Murcie
30%
9378 517Las Palmas
28%

Distribution des résultats

Percentile par nombre de réponses

% des personnes avec chaque résultat

Votre développement - résultats

Vous n’avez pas pris ce quiz depuis la dernière actualisation